000 00609nam a2200181Ia 4500
008 100920s9999 xx 000 0 und d
082 _b106433
_a891.43 न 09
100 _aसिंह गजाधर.
245 _aशाररीक गति विधियाँ.
260 _bसरोज बुक्स,दिल्ली.
_c2009
300 _a95
_bसाधी
365 _b125
520 _aहिंदी.
630 _aशाररीक गति विधियाँ.
650 _aहिंदी.
730 _aशाररीक गति विधियाँ.
942 _cBOOK
999 _c746864
_d746861